European integration at the crossroads: A review essay on the 50th anniversary of Bela Balassa's theory of economic integration (Record no. 95454)

000 -LEADER
fixed length control field 00474pab a2200157 454500
008 - FIXED-LENGTH DATA ELEMENTS--GENERAL INFORMATION
fixed length control field 180718b2011 xxu||||| |||| 00| 0 eng d
100 ## - MAIN ENTRY--PERSONAL NAME
Personal name Sapir, Andre
245 ## - TITLE STATEMENT
Title European integration at the crossroads: A review essay on the 50th anniversary of Bela Balassa's theory of economic integration
260 ## - PUBLICATION, DISTRIBUTION, ETC.
Date of publication, distribution, etc. 2011
300 ## - PHYSICAL DESCRIPTION
Extent p.1200-1229.
362 ## - DATES OF PUBLICATION AND/OR SEQUENTIAL DESIGNATION
Dates of publication and/or sequential designation Dec
650 ## - SUBJECT ADDED ENTRY--TOPICAL TERM
Topical term or geographic name entry element Economic integration
773 ## - HOST ITEM ENTRY
Main entry heading Journal of Economic Literature
908 ## - PUT COMMAND PARAMETER (RLIN)
Put command parameter N
909 ## -
-- 95454
Holdings
Withdrawn status Lost status Damaged status Not for loan Permanent Location Current Location Date acquired Serial Enumeration / chronology Barcode Date last seen Price effective from Koha item type
        Indian Institute of Public Administration Indian Institute of Public Administration 2018-07-19 Volume no: 49, Issue no: 4 AR95914 2018-07-19 2018-07-19 Articles

Powered by Koha